01024nam a22002057a 4500020001800000040000900018082001600027100002400043110004400067245004500111260004200156650006700198942001400265999001900279952010400298952010400402952010400506952010400610952010400714 a9788177583724 cNUST a005.117 BOO aBooch, Grady980844 aRumbaugh, James. Jacobson, Ivar9112564 aThe Unified Modeling Language User Guide aNew Dehli:bPearson Education,c2012. aTEXTBOOKS-DCE.THE UNIFIED MODELING LANGUAGE USER GUIDE9112781 2ddccTEXT c594846d594846 00102ddc4070aCEMEbCEMEcTEXTd2023-05-24o005.117 BOOpCEME-48609r2023-05-24w2023-05-24yREF 00102ddc4070aCEMEbCEMEcTEXTd2023-05-24o005.117 BOOpCEME-48610r2023-05-24w2023-05-24yREF 00102ddc4070aCEMEbCEMEcTEXTd2023-05-24o005.117 BOOpCEME-48611r2023-05-24w2023-05-24yREF 00102ddc4070aCEMEbCEMEcTEXTd2023-05-24o005.117 BOOpCEME-48612r2023-05-24w2023-05-24yREF 00102ddc4070aCEMEbCEMEcTEXTd2023-05-24o005.117 BOOpCEME-48613r2023-05-24w2023-05-24yREF